| 000 | 00406nam a22001457a 4500 | ||
|---|---|---|---|
| 008 | 220317b |||||||| |||| 00| 0 eng d | ||
| 020 | _a8176221090 | ||
| 050 |
_aS561 _b.B63 2014 c.1 |
||
| 100 | _aBoss, Andrew | ||
| 245 |
_aModern farm management _bprinciples and practice _cAndrew Boss |
||
| 260 |
_aDelhi _bBiotech Books _c2014 |
||
| 300 | _aviii, 580p. | ||
| 700 | _aPond George A. | ||
| 942 |
_2lcc _cBK |
||
| 999 |
_c19281 _d19280 |
||